Feasibility Study of lycoming engine IO 360 AIB 6 mounting on PL-2 aircraft (Record no. 325628)

000 -LEADER
fixed length control field 00412 a2200133 4500
001 - CONTROL NUMBER
control field 90555
082 ## - DEWEY DECIMAL CLASSIFICATION NUMBER
Classification number PR 959
090 ## - LOCALLY ASSIGNED LC-TYPE CALL NUMBER (OCLC); LOCAL CALL NUMBER (RLIN)
-- 42890
-- 42890
100 ## - MAIN ENTRY--PERSONAL NAME
Personal name Zia khan; Basharat; Abdul Sattar Chandio, advisors
245 ## - TITLE STATEMENT
Title Feasibility Study of lycoming engine IO 360 AIB 6 mounting on PL-2 aircraft
Number of part/section of a work G-27
260 ## - PUBLICATION, DISTRIBUTION, ETC.
Place of publication, distribution, etc. Karachi
Name of publisher, distributor, etc. NED University
Date of publication, distribution, etc. 1988
300 ## - PHYSICAL DESCRIPTION
Extent 224 p.
Other physical details hand written
500 ## - GENERAL NOTE
General note BE Project Reports
942 ## - ADDED ENTRY ELEMENTS (KOHA)
Institution code [OBSOLETE] CAE NUST
Call number prefix PR 959
Holdings
Withdrawn status Lost status Damaged status Not for loan Collection code Permanent Location Current Location Date acquired Total Checkouts Full call number Barcode Date last seen Price effective from Koha item type
          College of Aeronautical Engineering (CAE) College of Aeronautical Engineering (CAE) 04/03/2017   PR 959 CAEPR-959 04/05/2017 04/05/2017 Book
© 2023 Central Library, National University of Sciences and Technology. All Rights Reserved.